Homenaje a Emilio Freixas. (Record no. 134214)

MARC details
000 -LEADER
campo de control de longitud fija 00682nam a2200229 i 4500
001 - NÚMERO DE CONTROL
campo de control 134214
003 - IDENTIFICADOR DE NÚMERO DE CONTROL
campo de control ES-MaACL
005 - FECHA Y HORA DE LA ÚLTIMA TRANSACCIÓN
campo de control 20240523155027.0
007 - CAMPO FIJO DE DESCRIPCIÓN FÍSICA--INFORMACIÓN GENERAL
campo de control de longitud fija t|
008 - DATOS DE LONGITUD FIJA--INFORMACIÓN GENERAL
campo de control de longitud fija 070906s1971 sp a |||| |bspa d
080 ## - NÚMERO DE LA CLASIFICACIÓN DECIMAL UNIVERSAL
Número de la Clasificación Decimal Universal 74:929(46)"19"
245 00 - MENCIÓN DEL TÍTULO
Título Homenaje a Emilio Freixas.
260 ## - PUBLICACIÓN, DISTRIBUCIÓN, ETC.
Lugar de publicación, distribución, etc. Barcelona :
Nombre del editor, distribuidor, etc. E. Meseguer,
Fecha de publicación, distribución, etc. [1971]
300 ## - DESCRIPCIÓN FÍSICA
Extensión 112 p., il. ;
Dimensiones 30 cm.
490 1# - MENCIÓN DE SERIE
Mención de serie Xanadú ;
Designación de volumen o secuencia 1. Monografías del cómic
600 14 - PUNTO DE ACCESO ADICIONAL DE MATERIA--NOMBRE DE PERSONA
Nombre de persona Freixas, Emilio.
9 (RLIN) 52483
650 #4 - PUNTO DE ACCESO ADICIONAL DE MATERIA--TÉRMINO DE MATERIA
Término de materia o nombre geográfico como elemento de entrada Cómics-
Subdivisión geográfica España
9 (RLIN) 11174
650 #4 - PUNTO DE ACCESO ADICIONAL DE MATERIA--TÉRMINO DE MATERIA
Término de materia o nombre geográfico como elemento de entrada Dibujantes-
Subdivisión geográfica España.
9 (RLIN) 157537
830 0# - PUNTO DE ACCESO ADICIONAL DE SERIE-TÍTULO UNIFORME
Título uniforme Xanadú ;
Designación de volumen o secuencia 1. Monografías del cómic
9 (RLIN) 219828
852 ## - LOCALIZACIÓN
Ubicación ES-MaACL
Número de control de estantería C-43636
Holdings
Estatus retirado Estado de pérdida Estado de daño No para préstamo Biblioteca de origen Biblioteca actual Ubicación en estantería Fecha de adquisición Fuente de adquisición Total de préstamos Signatura topográfica completa Código de barras Visto por última vez Precio de reemplazo Tipo de ítem Koha
        Biblioteca del Ateneo de Madrid Biblioteca del Ateneo de Madrid Depósito 2 17/01/2008     C-43636 1139707 23/02/2023 23/02/2023 Libro impreso